| 000 | 00621nam a22001817a 4500 | ||
|---|---|---|---|
| 999 |
_c173642 _d173642 |
||
| 005 | 20200304113916.0 | ||
| 010 | _aUR-10720 | ||
| 020 |
_c270.00 _a9789352792825 |
||
| 035 | _aU-9275 | ||
| 037 |
_bDBAD/PUB _a- |
||
| 100 | _aعمر ا ن عا کف خا ن | ||
| 245 |
_a جے ا ين يو :کمر ہ نمبر 259 _cعمر ا ن عا کف خا ن |
||
| 246 |
_bJ N.U. Kamra Number 259 (Urdu) _aby Imran Akif Khan |
||
| 260 |
_aN.Delhi _bApplied Books _c2019 ء |
||
| 270 |
_aKohinoor Hotel,1739/10,Patodi House,Darya Ganj, _bN.Delhi _e110002 _k- _l- |
||
| 300 |
_a184 ص _c22 Cm(Hb) |
||
| 942 |
_2ddc _cUR _hن _mع م ر |
||